Charli XCX Songs A-Z - Statistics

General Stats
  • This quiz has been taken 261 times
  • The average score is 14 of 24
Answer Stats
Letter Song % Correct
B B2b | Baby | Babygirl | Backseat | Beg for You | bitches | Black Roses | Blame It on U | Blame It on Your Love | Body of My Own | Boom Clap | Boys | Breaking Up | Break the Rules | Bricks
94%
# 100 Bad | 1999 | 1 Night | 2099 | 2 die 4 | 360 | 365 | 3AM (Pull Up) | 5 in the Morning | 7 years | 911
92%
G Girls | Girls Night Out | Girl, so confusing | Gold Coins | Gone | Good Ones | Grins | Guess
87%
A After the Afterparty | anthems | Apple
86%
I I Don't Wanna Know | i finally understand | If It's Over | I Got It | I Love It | ILY2 | I'm a Dream | I might say something stupid | In The City | I think about it all the time
82%
C c2.0 | Caught in the Middle | CHARGER | claws | Click | Cloud Aura | Club classics | Constant Repeat | Crash | Crazy Crazy | Cross You Out
80%
S Secret (Shh) | Selfish Girl | Set Me Free (Feel My Pain) | Shake It | Silver Cross | So Far Away | So I | So over You | Sorry if I Hurt You | Speed Drive | Spicy | Spinning | Spring breakers | Stay Away | Sucker | SuperLove | Sympathy is a knife
79%
V visions | Von dutch | Vroom Vroom
76%
T Take My Hand | Talk talk | Tears | Thoughts | Track 10 | Trophy | Twice
74%
P Paradise | party 4 u | pink diamond | Playboy Style | Porsche
62%
E Emotional | enemy | Every Rule | Everything is romantic | Explode
61%
F Famous | Fancy | February 2017 | Femmebot | Flash Pose | Float On | Focus | forever | For U
61%
Y You - Ha Ha Ha | You're the One | Yuck
52%
M Mean girls | Miss U | Moonlight | Move Me
50%
R Red Balloon | Rewind | ringtone | Rollercoaster | Roll with Me
47%
H Hand In The Fire | Hanging Around | Hello goodbye | Hot Girl | Hot In It | How Can I | How Can I Not Know What I Need Right Now
46%
D Deadstream | Delicious | detonate | Diamonds | Die Tonight | Dirty Sexy Money | Doing It | Don't Delete The Kisses | Drama | Dreamer | Dream Glow | Drop That Kitty | Drugs
42%
L Lightning | Lipgloss | Lock You Up | London Queen | Lost in Space | love gang | Lucky
39%
U Unlock it (Lock it) | Used to Know Me
39%
W Warm | Welcome To My Island | What I Like | What You Think About Me | White Mercedes | White Roses
37%
N Need Ur Luv | New Shapes | Next Level Charli | No Angel | No Fun | Nuclear Seasons
35%
O Official | Out of My Head | OUT OUT
23%
X Xcxoplex | XXXTC
18%
K Kingdom
4%
No matching quizzes found
Score Distribution
Percent of People with Each Score
Percentile by Number Answered
Your Score History
You have not taken this quiz